[Event "Czech op Rapid"]
[Site "Pardubice CZE"]
[Date "2020.09.24"]
[Round "6.2"]
[White "Golubka, Petro"]
[Black "Pulpan, Jakub"]
[Result "1/2-1/2"]
[WhiteElo "2492"]
[BlackElo "2493"]
[WhiteFideId "-1"]
[BlackFideId "-1"]
[PlyCount "141"]
[GameId "2130307592945846"]
[EventDate "2020.09.23"]
[EventType "swiss (rapid)"]
[EventRounds "9"]
[EventCountry "CZE"]
[SourceTitle "10 Days #628"]
[Source "ChessMix"]
[SourceDate "2020.10.01"]
[SourceVersion "1"]
[SourceVersionDate "2020.10.01"]
[SourceQuality "1"]

1. d4 Nf6 2. Bg5 d5 3. Nf3 Ne4 4. Bf4 c5 5. e3 Nc6 6. c3 Qb6 7. Qc1 Bf5 8. Nbd2 Nxd2 9. Qxd2 e6 10. Be2 Be7 11. O-O O-O 12. dxc5 Bxc5 13. a4 a5 14. Nd4 Bg6 15. Nb5 Rac8 16. Bg3 Rfd8 17. Bh4 Be7 18. Bxe7 Nxe7 19. Qd4 Qa6 20. Rfe1 Nc6 21. Qf4 Qb6 22. h4 h6 23. Red1 Qc5 24. Rac1 Qe7 25. Qg3 Qf6 26. Nd6 Rb8 27. Nb5 Rbc8 28. Kh2 Qe5 29. Rd2 Qxg3+ 30. Kxg3 Ne5 31. Rcd1 f6 32. b3 Nc6 33. h5 Bf7 34. f4 Kf8 35. Kf2 Ke7 36. g4 Be8 37. Bf3 Nb8 38. c4 Bxb5 39. cxb5 Nd7 40. f5 Ne5 41. fxe6 Nxf3 42. Kxf3 Kxe6 43. Kf4 Rc3 44. Rd3 Rxd3 45. Rxd3 Rc8 46. e4 dxe4 47. Kxe4 b6 48. Kf4 Ke7 49. Rd4 Rc3 50. b4 axb4 51. Rxb4 Ke6 52. Rd4 Ra3 53. Rc4 Kd5 54. Rc6 Rxa4+ 55. Kf5 Re4 56. Rxb6 Re5+ 57. Kf4 Re4+ 58. Kf3 Rb4 59. Rb7 Ke5 60. Re7+ Kd6 61. Rxg7 Rxb5 62. Rg6 Ke5 63. Rxh6 Rb3+ 64. Kg2 Kf4 65. Rg6 Rb2+ 66. Kh3 Ke5 67. h6 Rb1 68. Kg2 Rb2+ 69. Kf3 Rb3+ 70. Ke2 Rb2+ 71. Kf3 1/2-1/2

[Event "Czech op Rapid"]
[Site "Pardubice CZE"]
[Date "2020.09.24"]
[Round "7.2"]
[White "Golubka, Petro"]
[Black "Laznicka, Viktor"]
[Result "1-0"]
[WhiteElo "2492"]
[BlackElo "2658"]
[WhiteFideId "-1"]
[BlackFideId "-1"]
[PlyCount "71"]
[GameId "2130307592945866"]
[EventDate "2020.09.23"]
[EventType "swiss (rapid)"]
[EventRounds "9"]
[EventCountry "CZE"]
[SourceTitle "10 Days #628"]
[Source "ChessMix"]
[SourceDate "2020.10.01"]
[SourceVersion "1"]
[SourceVersionDate "2020.10.01"]
[SourceQuality "1"]

1. d4 d5 2. Nf3 Nf6 3. Bf4 Bf5 4. e3 e6 5. Bd3 Bg6 6. O-O Nbd7 7. c4 c6 8. Nc3 Be7 9. h3 a6 10. Bxg6 hxg6 11. c5 Nh5 12. Bh2 f5 13. b4 Nhf6 14. a4 Ne4 15. Nxe4 dxe4 16. Ne5 Nxe5 17. Bxe5 Bf6 18. Bd6 g5 19. Qb3 Kf7 20. f3 exf3 21. Rxf3 g6 22. g4 Kg7 23. Qxe6 Re8 24. Qb3 fxg4 25. hxg4 Re4 26. Kf2 Qd7 27. Rf1 Rae8 28. Ke2 Qxg4 29. Kd2 R8e6 30. Qd3 Qh4 31. Bg3 Qg4 32. Be5 Bxe5 33. Rf7+ Kg8 34. dxe5 R4xe5 35. Rf8+ Kh7 36. R1f7+ 1-0

[Event "Czech op Rapid"]
[Site "Pardubice CZE"]
[Date "2020.09.24"]
[Round "8.1"]
[White "Babula, Vlastimil"]
[Black "Golubka, Petro"]
[Result "1/2-1/2"]
[WhiteElo "2526"]
[BlackElo "2492"]
[WhiteFideId "-1"]
[BlackFideId "-1"]
[PlyCount "83"]
[GameId "2130307592945885"]
[EventDate "2020.09.23"]
[EventType "swiss (rapid)"]
[EventRounds "9"]
[EventCountry "CZE"]
[SourceTitle "10 Days #628"]
[Source "ChessMix"]
[SourceDate "2020.10.01"]
[SourceVersion "1"]
[SourceVersionDate "2020.10.01"]
[SourceQuality "1"]

1. d4 d5 2. c4 e6 3. Nf3 c5 4. cxd5 exd5 5. g3 Nc6 6. Bg2 Nf6 7. O-O Be7 8. Nc3 O-O 9. Bg5 Be6 10. dxc5 Bxc5 11. Bxf6 Qxf6 12. Nxd5 Qxb2 13. Nc7 Rad8 14. Qc1 Qxc1 15. Raxc1 Bb6 16. Nxe6 fxe6 17. Rc4 h6 18. h4 Rd6 19. Bh3 Rfd8 20. Kg2 Kf7 21. Rb1 Nd4 22. a4 Nxf3 23. Kxf3 Rd5 24. Re4 R8d6 25. Rc1 Rc5 26. Rxc5 Bxc5 27. e3 b6 28. Bf1 g5 29. hxg5 hxg5 30. Kg4 Kf6 31. f4 gxf4 32. gxf4 Ba3 33. Re5 Rd5 34. Re4 Bb2 35. Bc4 Rd6 36. Bb3 Rc6 37. Rb4 Bc3 38. Rb5 Rc5 39. Kf3 e5 40. Ke4 exf4 41. exf4 Rxb5 42. axb5 1/2-1/2

[Event "Czech op Rapid"]
[Site "Pardubice CZE"]
[Date "2020.09.24"]
[Round "9.2"]
[White "Golubka, Petro"]
[Black "Votava, Jan"]
[Result "1/2-1/2"]
[WhiteElo "2492"]
[BlackElo "2480"]
[WhiteFideId "-1"]
[BlackFideId "-1"]
[PlyCount "38"]
[GameId "2130307592945905"]
[EventDate "2020.09.23"]
[EventType "swiss (rapid)"]
[EventRounds "9"]
[EventCountry "CZE"]
[SourceTitle "10 Days #628"]
[Source "ChessMix"]
[SourceDate "2020.10.01"]
[SourceVersion "1"]
[SourceVersionDate "2020.10.01"]
[SourceQuality "1"]

1. d4 Nf6 2. Bg5 d5 3. Nf3 e6 4. Nbd2 Be7 5. e3 b6 6. c3 Bb7 7. a4 a5 8. Bb5+ c6 9. Bd3 Nbd7 10. O-O h6 11. Bh4 O-O 12. Re1 c5 13. Bb5 Ne8 14. Bxe7 Qxe7 15. Bd3 Nd6 16. Ne5 Rfd8 17. f4 Nf8 18. Qg4 c4 19. Bc2 b5 1/2-1/2

[Event "Czech op-A"]
[Site "Pardubice CZE"]
[Date "2020.09.21"]
[Round "1.6"]
[White "Golubka, Petro"]
[Black "Nikanova, Ekaterina"]
[Result "1-0"]
[WhiteElo "2488"]
[BlackElo "2111"]
[WhiteFideId "-1"]
[BlackFideId "-1"]
[PlyCount "69"]
[GameId "2130307592995928"]
[EventDate "2020.09.21"]
[EventType "swiss"]
[EventRounds "9"]
[EventCountry "CZE"]
[SourceTitle "10 Days #628"]
[Source "ChessMix"]
[SourceDate "2020.10.01"]
[SourceVersion "1"]
[SourceVersionDate "2020.10.01"]
[SourceQuality "1"]

1. d4 Nf6 2. Bg5 e6 3. Nd2 h6 4. Bh4 d5 5. e3 c5 6. c3 Nc6 7. Ngf3 cxd4 8. exd4 Be7 9. Bd3 O-O 10. O-O Ne8 11. Bxe7 Nxe7 12. Ne5 Nd6 13. Qh5 f5 14. Qe2 Rf6 15. Kh1 Ng6 16. Qe3 Ne4 17. Ndf3 Bd7 18. Nxg6 Rxg6 19. Ne5 Rf6 20. c4 a6 21. b3 Qe7 22. Rac1 Bc6 23. Rc2 Raf8 24. f3 Ng5 25. Rfc1 Nf7 26. cxd5 exd5 27. f4 Nxe5 28. dxe5 Rg6 29. Qd4 a5 30. Rc5 Qh4 31. Be2 Re6 32. Bf3 g5 33. Bxd5 Bxd5 34. Qxd5 Rfe8 35. Rc8 1-0

[Event "Czech op-A"]
[Site "Pardubice CZE"]
[Date "2020.09.22"]
[Round "2.6"]
[White "Ludvik, Tomas"]
[Black "Golubka, Petro"]
[Result "1/2-1/2"]
[WhiteElo "2218"]
[BlackElo "2488"]
[WhiteFideId "-1"]
[BlackFideId "-1"]
[PlyCount "126"]
[GameId "2130307592995968"]
[EventDate "2020.09.21"]
[EventType "swiss"]
[EventRounds "9"]
[EventCountry "CZE"]
[SourceTitle "10 Days #628"]
[Source "ChessMix"]
[SourceDate "2020.10.01"]
[SourceVersion "1"]
[SourceVersionDate "2020.10.01"]
[SourceQuality "1"]

1. d4 f5 2. Bg5 g6 3. e3 Bg7 4. Nc3 h6 5. Bh4 Nf6 6. Bc4 c6 7. Nf3 d5 8. Bd3 Nbd7 9. Ne2 Nf8 10. Bg3 Be6 11. Nf4 Bf7 12. Ne5 g5 13. Nxf7 Kxf7 14. Nh5 e6 15. Nxg7 Kxg7 16. Qe2 Qa5+ 17. c3 Ng6 18. f3 Rae8 19. h4 Nh5 20. Bf2 e5 21. Bxf5 exd4 22. Bxg6 Nf4 23. Qd1 Kxg6 24. Qxd4 Qb5 25. h5+ Kf7 26. Qd2 Nxg2+ 27. Kd1 d4 28. cxd4 Qf5 29. Qe2 Rhf8 30. Rh2 Nf4 31. Qc2 Qxc2+ 32. Kxc2 Nd5 33. Kd2 Ke6 34. e4 Nb6 35. Ke2 Nc4 36. b3 Nd6 37. Rg2 Rf7 38. Be3 Ref8 39. Rg3 Nb5 40. Rc1 Rd7 41. Rc4 Rfd8 42. Kd3 Nxd4 43. Bxd4 c5 44. Rxc5 Rxd4+ 45. Kc3 Rd3+ 46. Kb2 Rd2+ 47. Ka3 Rf2 48. Rc7 Rd7 49. Rc8 Rd6 50. Rc7 Ra6+ 51. Kb4 Rb6+ 52. Kc3 Ke5 53. Rf7 Rc6+ 54. Kd3 Rf6 55. Rxf6 Kxf6 56. Ke3 Rxa2 57. f4 Rh2 58. fxg5+ hxg5 59. Rf3+ Ke6 60. Rf5 Rxh5 61. Kd4 b6 62. b4 a6 63. Rd5 a5 1/2-1/2

[Event "Czech op-A"]
[Site "Pardubice CZE"]
[Date "2020.09.23"]
[Round "3.10"]
[White "Golubka, Petro"]
[Black "Wedda, Dries"]
[Result "1-0"]
[WhiteElo "2488"]
[BlackElo "2246"]
[WhiteFideId "-1"]
[BlackFideId "-1"]
[PlyCount "103"]
[GameId "2130307593000088"]
[EventDate "2020.09.21"]
[EventType "swiss"]
[EventRounds "9"]
[EventCountry "CZE"]
[SourceTitle "10 Days #628"]
[Source "ChessMix"]
[SourceDate "2020.10.01"]
[SourceVersion "1"]
[SourceVersionDate "2020.10.01"]
[SourceQuality "1"]

1. d4 Nf6 2. Nf3 d5 3. c4 e6 4. Nc3 Bb4 5. Qa4+ Nc6 6. e3 O-O 7. Bd2 dxc4 8. Bxc4 Bd6 9. h3 e5 10. O-O a6 11. Qd1 exd4 12. exd4 h6 13. Re1 Bf5 14. a3 b5 15. Bf1 Re8 16. Be3 Ne7 17. Ne5 Ned5 18. Qf3 Be6 19. Bd2 c5 20. dxc5 Bxc5 21. Rad1 Qc7 22. Ng4 Nxg4 23. hxg4 Nxc3 24. Bxc3 Rad8 25. Bd3 Bc8 26. g5 Qb6 27. Rxe8+ Rxe8 28. b4 Bf8 29. Bd4 Qe6 30. gxh6 Qxh6 31. Be3 Qh4 32. Bf5 Qf6 33. Be4 Qh4 34. Rd4 Qe7 35. Bd5 Be6 36. Bb7 g6 37. Bxa6 Bg7 38. Bxb5 Bxd4 39. Bxd4 Qg5 40. Qf6 Qxf6 41. Bxf6 Ra8 42. Bb2 Rd8 43. Bc3 Rc8 44. Bd4 Ra8 45. a4 Bb3 46. a5 Rd8 47. Bc5 Rd1+ 48. Kh2 Bd5 49. a6 Ra1 50. a7 Ra2 51. Bd7 Rc2 52. Bg4 1-0

[Event "Czech op-A"]
[Site "Pardubice CZE"]
[Date "2020.09.24"]
[Round "4.5"]
[White "Sorensen, Hampus"]
[Black "Golubka, Petro"]
[Result "0-1"]
[WhiteElo "2361"]
[BlackElo "2488"]
[WhiteFideId "-1"]
[BlackFideId "-1"]
[PlyCount "66"]
[GameId "2130307593000121"]
[EventDate "2020.09.21"]
[EventType "swiss"]
[EventRounds "9"]
[EventCountry "CZE"]
[SourceTitle "10 Days #628"]
[Source "ChessMix"]
[SourceDate "2020.10.01"]
[SourceVersion "1"]
[SourceVersionDate "2020.10.01"]
[SourceQuality "1"]

1. d4 Nf6 2. c4 e6 3. Nf3 d5 4. Bg5 Bb4+ 5. Nbd2 dxc4 6. e3 b5 7. a3 Ba5 8. a4 c6 9. Qc2 Nbd7 10. g3 Bb7 11. Bg2 a6 12. O-O c5 13. Bxf6 Nxf6 14. axb5 axb5 15. dxc5 O-O 16. e4 Nd7 17. Rfd1 Qc7 18. e5 Bxd2 19. Rxa8 Bxa8 20. Qxd2 Nxc5 21. Qd6 Qa7 22. Nd4 Bxg2 23. Kxg2 Nd3 24. Rd2 Qa5 25. Re2 Rd8 26. Qc6 b4 27. Qxc4 Nxe5 28. Qb5 Qa8+ 29. f3 f6 30. Rxe5 fxe5 31. Nxe6 Qd5 32. Qb6 Qd2+ 33. Kg1 Rc8 0-1

[Event "Pardubice Czech op-E 31st"]
[Site "Pardubice"]
[Date "2020.09.20"]
[Round "7.1"]
[White "Golubka, Petro"]
[Black "Walek, Petr"]
[Result "1-0"]
[WhiteElo "2488"]
[BlackElo "2261"]
[WhiteFideId "-1"]
[BlackFideId "-1"]
[PlyCount "69"]
[GameId "1562924833591296"]
[EventDate "2020.09.17"]
[EventType "team-swiss"]
[EventRounds "7"]
[EventCountry "CZE"]
[SourceTitle "CBM 198 Extra"]
[Source "ChessBase"]
[SourceDate "2020.11.30"]
[SourceVersion "1"]
[SourceVersionDate "2020.11.30"]
[SourceQuality "1"]
[WhiteTeam "Lezajs Merlin"]
[BlackTeam "Walkuv Protigambit"]
[WhiteTeamCountry "POL"]
[BlackTeamCountry "CZE"]

1. d4 Nf6 2. Bg5 Ne4 3. h4 c6 4. Nd2 Qa5 5. Ngf3 d5 6. c3 Bf5 7. Nxe4 Bxe4 8. Nd2 Bf5 9. f3 h6 10. Bf4 Nd7 11. Qb3 Qb6 12. e4 Bh7 13. exd5 Qxb3 14. Nxb3 cxd5 15. Na5 O-O-O 16. Nc6 Re8 17. Nxa7+ Kd8 18. Nb5 f6 19. O-O-O e5 20. dxe5 fxe5 21. Bg3 Bg8 22. Bd3 Bf7 23. Rhe1 g6 24. Bc2 h5 25. Bb3 Bh6+ 26. Kb1 Bf4 27. Bxf4 exf4 28. Nd6 Ref8 29. Bxd5 Bxd5 30. Rxd5 Kc7 31. Nb5+ Kc6 32. c4 Rf6 33. Re7 Rd8 34. a4 b6 35. b3 1-0

[Event "POL vs HUN Rapid "]
[Site "Katowice POL"]
[Date "2020.09.13"]
[Round "2.8"]
[White "Kaniak, Justyna"]
[Black "Golubka, Petro"]
[Result "0-1"]
[WhiteElo "1807"]
[BlackElo "2488"]
[WhiteFideId "-1"]
[BlackFideId "-1"]
[PlyCount "80"]
[GameId "2130307593204781"]
[EventDate "2020.09.13"]
[EventType "swiss (rapid)"]
[EventRounds "9"]
[EventCountry "POL"]
[SourceTitle "10 Days #627"]
[Source "ChessMix"]
[SourceDate "2020.09.20"]
[SourceVersion "1"]
[SourceVersionDate "2020.09.20"]
[SourceQuality "1"]

1. e4 b6 2. d4 Bb7 3. Nc3 g6 4. Nf3 Bg7 5. Bc4 e6 6. Bg5 Ne7 7. Qd2 h6 8. Bh4 d6 9. O-O-O Nd7 10. Rhe1 g5 11. Bg3 Ng6 12. Kb1 a6 13. h3 Qe7 14. Nh2 b5 15. Bb3 h5 16. f4 h4 17. Nd5 exd5 18. exd5 hxg3 19. Rxe7+ Kxe7 20. Qe3+ Kf8 21. Qxg3 gxf4 22. Qc3 Rc8 23. Ng4 Rh5 24. Qf3 Rh4 25. Re1 Nf6 26. Ne5 dxe5 27. dxe5 Re8 28. Qf2 Nxd5 29. Qc5+ Nge7 30. e6 f5 31. a4 f3 32. Qf2 Re4 33. gxf3 Rxe1+ 34. Qxe1 c5 35. Qh4 c4 36. Qh5 Ng6 37. Qxf5+ Bf6 38. Qxg6 Rxe6 39. Qh6+ Ke8 40. Ba2 Re1+ 0-1

[Event "POL vs HUN Rapid "]
[Site "Katowice POL"]
[Date "2020.09.13"]
[Round "3.8"]
[White "Golubka, Petro"]
[Black "Krasenkova, Ilena"]
[Result "1-0"]
[WhiteElo "2488"]
[BlackElo "2178"]
[WhiteFideId "-1"]
[BlackFideId "-1"]
[PlyCount "107"]
[GameId "2130307593204791"]
[EventDate "2020.09.13"]
[EventType "swiss (rapid)"]
[EventRounds "9"]
[EventCountry "POL"]
[SourceTitle "10 Days #627"]
[Source "ChessMix"]
[SourceDate "2020.09.20"]
[SourceVersion "1"]
[SourceVersionDate "2020.09.20"]
[SourceQuality "1"]

1. e4 g6 2. h4 h5 3. d4 Bg7 4. c3 d6 5. Bg5 c6 6. Nd2 Qb6 7. Qc2 a5 8. a4 Nf6 9. Bd3 e5 10. Ngf3 Ng4 11. Nc4 Qc7 12. dxe5 dxe5 13. b4 axb4 14. cxb4 b5 15. Na5 bxa4 16. O-O O-O 17. Rfc1 f6 18. Bd2 Bd7 19. Rxa4 Kh7 20. Raa1 Qd6 21. Nc4 Rxa1 22. Nxd6 Ra3 23. Nc4 Ra7 24. Nh2 Nh6 25. Nf1 Nf7 26. Be3 Rb7 27. Na5 Rc7 28. Bc5 Re8 29. Ne3 Bh6 30. g3 Be6 31. Bc4 Bxc4 32. Qxc4 Rd7 33. Kg2 Kg7 34. Rc2 Bxe3 35. Bxe3 Nd6 36. Qd3 Nb5 37. Qf1 Nd4 38. Rc4 Re6 39. Bxd4 exd4 40. Qd3 Red6 41. Rc5 Re7 42. Rc4 Red7 43. Nb3 Na6 44. Nc5 Nxc5 45. bxc5 Re6 46. Rxd4 Rde7 47. Rd7 Rxe4 48. Rxe7+ Rxe7 49. Qd6 Kf7 50. Qxc6 Re6 51. Qb6 Ke7 52. Qb7+ Ke8 53. c6 Re7 54. c7 1-0

[Event "POL vs HUN Rapid "]
[Site "Katowice POL"]
[Date "2020.09.13"]
[Round "4.1"]
[White "Golubka, Petro"]
[Black "Socko, Bartosz"]
[Result "1/2-1/2"]
[WhiteElo "2488"]
[BlackElo "2601"]
[WhiteFideId "-1"]
[BlackFideId "-1"]
[PlyCount "107"]
[GameId "2130307593204794"]
[EventDate "2020.09.13"]
[EventType "swiss (rapid)"]
[EventRounds "9"]
[EventCountry "POL"]
[SourceTitle "10 Days #627"]
[Source "ChessMix"]
[SourceDate "2020.09.20"]
[SourceVersion "1"]
[SourceVersionDate "2020.09.20"]
[SourceQuality "1"]

1. e4 c6 2. Nc3 d5 3. Nf3 Bg4 4. h3 Bxf3 5. Qxf3 e6 6. d4 dxe4 7. Qxe4 Nf6 8. Qd3 Na6 9. a3 Be7 10. Be2 O-O 11. O-O Nc7 12. Rd1 Qd7 13. Bf3 Rad8 14. Qe2 Ncd5 15. Na4 b5 16. Nc5 Bxc5 17. dxc5 Qc7 18. Bg5 h6 19. Bh4 Nf4 20. Qe1 g5 21. Bg3 e5 22. Bxf4 gxf4 23. Qc3 Rfe8 24. Rxd8 Rxd8 25. Re1 Rd4 26. Bg4 Nxg4 27. hxg4 f6 28. Qf3 Qd7 29. b4 Qd5 30. Qxd5+ Rxd5 31. f3 Kf7 32. Ra1 Ke6 33. a4 a6 34. axb5 axb5 35. Ra6 Rd1+ 36. Kh2 Kd5 37. Ra8 Rc1 38. Rd8+ Kc4 39. Rd6 Kxb4 40. Rxc6 Rxc2 41. Rxf6 Kxc5 42. Rxh6 e4 43. fxe4 f3 44. Rf6 Rxg2+ 45. Kh3 Re2 46. Rxf3 Rxe4 47. g5 b4 48. g6 Re8 49. Kg4 Kc4 50. Kg5 b3 51. Rxb3 Kxb3 52. g7 Rg8 53. Kf6 Rxg7 54. Kxg7 1/2-1/2

[Event "POL vs HUN Rapid "]
[Site "Katowice POL"]
[Date "2020.09.13"]
[Round "5.6"]
[White "Lewicki, Miroslaw"]
[Black "Golubka, Petro"]
[Result "1/2-1/2"]
[WhiteElo "2348"]
[BlackElo "2488"]
[WhiteFideId "-1"]
[BlackFideId "-1"]
[PlyCount "130"]
[GameId "2130307593208905"]
[EventDate "2020.09.13"]
[EventType "swiss (rapid)"]
[EventRounds "9"]
[EventCountry "POL"]
[SourceTitle "10 Days #627"]
[Source "ChessMix"]
[SourceDate "2020.09.20"]
[SourceVersion "1"]
[SourceVersionDate "2020.09.20"]
[SourceQuality "1"]

1. e4 e6 2. d4 d5 3. Nd2 a6 4. Ngf3 Be7 5. Bd3 c5 6. exd5 exd5 7. dxc5 Bxc5 8. O-O Nc6 9. Nb3 Bb6 10. Re1+ Nge7 11. Ng5 h6 12. Qh5 O-O 13. Nh7 Ng6 14. Nxf8 Nxf8 15. Be3 Bc7 16. Rad1 Ne5 17. h3 Be6 18. Bf4 Nxd3 19. Bxc7 Qxc7 20. cxd3 Qb6 21. d4 Nd7 22. Rc1 a5 23. Qe2 Nf6 24. Nc5 Bf5 25. b3 Qb4 26. Qe5 Bg6 27. Qc7 Qxd4 28. Qxb7 Rf8 29. Nd7 Nxd7 30. Qxd7 Qd2 31. Qa4 Bc2 32. Qc6 Bg6 33. Qc3 Qxa2 34. Red1 a4 35. bxa4 Qxa4 36. Rxd5 Kh7 37. Rc5 h5 38. Rc8 Rxc8 39. Qxc8 Qf4 40. Ra1 Bf5 41. Qd8 Be6 42. Qd3+ Bf5 43. Qe2 Kg6 44. Ra6+ Be6 45. Rxe6+ fxe6 46. Qxe6+ Kh7 47. Qe3 Qf5 48. h4 Qf7 49. Qg5 g6 50. Qe5 Qd7 51. Kh2 Qf7 52. Kg3 Qd7 53. f3 Qf7 54. Qf4 Qe7 55. Kf2 Qa7+ 56. Qe3 Qa2+ 57. Kg3 Qf7 58. Qe5 Kg8 59. Kf2 Kh7 60. Ke3 Kg8 61. g4 hxg4 62. fxg4 Kh7 63. Ke4 Qc4+ 64. Qd4 Qf7 65. Ke3 Qe7+ 1/2-1/2

[Event "POL vs HUN Rapid "]
[Site "Katowice POL"]
[Date "2020.09.13"]
[Round "6.6"]
[White "Szczurek, Krzysztof"]
[Black "Golubka, Petro"]
[Result "0-1"]
[WhiteElo "2031"]
[BlackElo "2488"]
[WhiteFideId "-1"]
[BlackFideId "-1"]
[PlyCount "113"]
[GameId "2130307593208915"]
[EventDate "2020.09.13"]
[EventType "swiss (rapid)"]
[EventRounds "9"]
[EventCountry "POL"]
[SourceTitle "10 Days #627"]
[Source "ChessMix"]
[SourceDate "2020.09.20"]
[SourceVersion "1"]
[SourceVersionDate "2020.09.20"]
[SourceQuality "1"]

1. d4 b6 2. c4 Bb7 3. Nc3 e6 4. Nf3 Bb4 5. a3 Bxc3+ 6. bxc3 f5 7. d5 Nf6 8. dxe6 dxe6 9. Qxd8+ Kxd8 10. Nd4 Ke7 11. Bf4 Rc8 12. e3 Nbd7 13. Bg5 h6 14. Bxf6+ Kxf6 15. f3 Nc5 16. Be2 e5 17. Nc2 Na4 18. Kf2 Rd8 19. Rhc1 Nxc3 20. Nb4 Na4 21. Rd1 e4 22. fxe4 fxe4 23. Nc2 Nc3 24. Rf1 Ke5 25. Nd4 c5 26. Nb5 Nxb5 27. cxb5 Bd5 28. Kg3 Be6 29. Rad1 Bb3 30. Rb1 Be6 31. Rbd1 Rxd1 32. Rxd1 Rc8 33. Kf2 c4 34. Ke1 c3 35. Rc1 Bb3 36. Bf1 Rc5 37. Be2 Ba4 38. Kf2 c2 39. Ke1 Bxb5 40. Bxb5 Rxb5 41. Rxc2 Rb3 42. Rc7 Rxe3+ 43. Kf2 Rxa3 44. Rxg7 a5 45. Rg6 Rb3 46. Rxh6 a4 47. h4 a3 48. Rh8 Rb2+ 49. Kg3 b5 50. h5 b4 51. Ra8 Kf6 52. Ra6+ Kg7 53. Kf4 Rxg2 54. Kxe4 a2 55. Kd3 b3 56. Kc3 Rg1 57. Kd4 0-1

[Event "POL vs HUN Rapid "]
[Site "Katowice POL"]
[Date "2020.09.13"]
[Round "7.3"]
[White "Golubka, Petro"]
[Black "Klekowski, Maciej"]
[Result "1/2-1/2"]
[WhiteElo "2488"]
[BlackElo "2511"]
[WhiteFideId "-1"]
[BlackFideId "-1"]
[PlyCount "90"]
[GameId "2130307593208922"]
[EventDate "2020.09.13"]
[EventType "swiss (rapid)"]
[EventRounds "9"]
[EventCountry "POL"]
[SourceTitle "10 Days #627"]
[Source "ChessMix"]
[SourceDate "2020.09.20"]
[SourceVersion "1"]
[SourceVersionDate "2020.09.20"]
[SourceQuality "1"]

1. e4 c5 2. Nf3 Nc6 3. Bb5 g6 4. O-O Bg7 5. c3 Nf6 6. Re1 O-O 7. h3 a6 8. Bf1 e5 9. d4 cxd4 10. cxd4 d5 11. exd5 Nxd4 12. Nxe5 Qxd5 13. Nc3 Qd8 14. Be3 Nc6 15. Nxc6 bxc6 16. Bc5 Re8 17. Qxd8 Rxd8 18. Rad1 Rxd1 19. Rxd1 Nd5 20. Na4 Bf5 21. b3 a5 22. Bc4 Re8 23. Bxd5 cxd5 24. Bb6 Bc2 25. Rc1 Re2 26. Bxa5 d4 27. Re1 Rxe1+ 28. Bxe1 d3 29. Nc3 Bh6 30. Ne4 f5 31. Bd2 Bf8 32. Nc3 Kf7 33. Kf1 Ke6 34. Ke1 Bb4 35. Nd1 Bc5 36. b4 Bd6 37. Ne3 Ba4 38. Nc4 Bb5 39. Nb2 Be5 40. a4 Bxb2 41. axb5 Kd5 42. g3 Bd4 43. Be3 Bc3+ 44. Bd2 Bd4 45. Be3 Ke5 1/2-1/2

[Event "POL vs HUN Rapid "]
[Site "Katowice POL"]
[Date "2020.09.13"]
[Round "8.7"]
[White "Krasenkow, Michal"]
[Black "Golubka, Petro"]
[Result "1/2-1/2"]
[WhiteElo "2605"]
[BlackElo "2488"]
[WhiteFideId "-1"]
[BlackFideId "-1"]
[PlyCount "94"]
[GameId "2130307593208936"]
[EventDate "2020.09.13"]
[EventType "swiss (rapid)"]
[EventRounds "9"]
[EventCountry "POL"]
[SourceTitle "10 Days #627"]
[Source "ChessMix"]
[SourceDate "2020.09.20"]
[SourceVersion "1"]
[SourceVersionDate "2020.09.20"]
[SourceQuality "1"]

1. Nf3 b6 2. e4 Bb7 3. Nc3 g6 4. d4 Bg7 5. Bc4 e6 6. h4 h6 7. Bf4 d6 8. Qe2 a6 9. a4 Ne7 10. O-O-O Nd7 11. Qe3 Nf6 12. Kb1 d5 13. exd5 Nexd5 14. Nxd5 Bxd5 15. Bxd5 Nxd5 16. Qe4 Nxf4 17. Qxf4 Qd6 18. Ne5 O-O 19. Qe3 b5 20. a5 c5 21. f4 cxd4 22. Rxd4 Qc5 23. b4 Qa7 24. h5 Rad8 25. c3 Rxd4 26. Qxd4 Qxd4 27. cxd4 Bxe5 28. dxe5 gxh5 29. Rxh5 Rd8 30. f5 Kg7 31. fxe6 fxe6 32. Rh4 Rd5 33. Re4 h5 34. Kc2 Kg6 35. Kc3 Kf5 36. Rh4 Kg5 37. Re4 h4 38. Kc2 Rd7 39. Kc3 Rc7+ 40. Kd3 Rc1 41. Ke2 Rb1 42. Kf2 Rb2+ 43. Kf3 Rb3+ 44. Kf2 h3 45. gxh3 Rxh3 46. Rd4 Rb3 47. Rd6 Kf5 1/2-1/2

[Event "POL vs HUN Rapid "]
[Site "Katowice POL"]
[Date "2020.09.13"]
[Round "9.6"]
[White "Golubka, Petro"]
[Black "Teclaf, Pawel"]
[Result "1/2-1/2"]
[WhiteElo "2488"]
[BlackElo "2464"]
[WhiteFideId "-1"]
[BlackFideId "-1"]
[PlyCount "45"]
[GameId "2130307593208945"]
[EventDate "2020.09.13"]
[EventType "swiss (rapid)"]
[EventRounds "9"]
[EventCountry "POL"]
[SourceTitle "10 Days #627"]
[Source "ChessMix"]
[SourceDate "2020.09.20"]
[SourceVersion "1"]
[SourceVersionDate "2020.09.20"]
[SourceQuality "1"]

1. e4 e6 2. d4 d5 3. Bd3 dxe4 4. Bxe4 Nf6 5. Bd3 c5 6. c3 Nc6 7. Nf3 Be7 8. O-O O-O 9. Re1 b6 10. dxc5 Bxc5 11. Bg5 Bb7 12. Qe2 Qd5 13. Nbd2 Ng4 14. Be4 Qd7 15. Bh4 Nf6 16. Rad1 Qc7 17. Bxf6 gxf6 18. Nb3 Be7 19. Nbd4 Rad8 20. Bxc6 Bxc6 21. Qc4 Bc5 22. Nxc6 Qxc6 23. Qe2 1/2-1/2

[Event "POL vs HUN Blitz"]
[Site "Katowice POL"]
[Date "2020.09.12"]
[Round "1.7"]
[White "Golubka, Petro"]
[Black "Wasik, Mateusz"]
[Result "1-0"]
[WhiteElo "2488"]
[BlackElo "1765"]
[WhiteFideId "-1"]
[BlackFideId "-1"]
[PlyCount "93"]
[GameId "2130307593254779"]
[EventDate "2020.09.12"]
[EventType "swiss (blitz)"]
[EventRounds "13"]
[EventCountry "POL"]
[SourceTitle "10 Days #627"]
[Source "ChessMix"]
[SourceDate "2020.09.20"]
[SourceVersion "1"]
[SourceVersionDate "2020.09.20"]
[SourceQuality "1"]

1. d4 d5 2. Nf3 Nf6 3. Bf4 e6 4. e3 c5 5. c3 Nc6 6. Nbd2 Be7 7. Bd3 Nh5 8. Be5 Nxe5 9. dxe5 g6 10. Qe2 O-O 11. h4 f5 12. exf6 Bxf6 13. g4 Ng7 14. h5 e5 15. hxg6 e4 16. Nxe4 dxe4 17. Bc4+ Be6 18. Bxe6+ Nxe6 19. Qc4 Qe7 20. Rxh7 Bg7 21. Qxe4 Rad8 22. Rd1 Qf6 23. Rxd8 Rxd8 24. g5 Qe7 25. Kf1 Rd1+ 26. Kg2 Qd7 27. a4 Rd5 28. Rh5 Rd6 29. a5 a6 30. Qh4 Kf8 31. Qh3 Qe7 32. Qf5+ Ke8 33. Rh4 Kd7 34. Re4 Kc6 35. Ne5+ Bxe5 36. Rxe5 Qd7 37. g7 Qxg7 38. Rxe6 Rxe6 39. Qxe6+ Kb5 40. Qf6 Qd7 41. g6 Qd5+ 42. Kg3 Qh5 43. g7 Qh7 44. Qb6+ Kc4 45. Qf6 Qg8 46. e4 Kd3 47. e5 1-0